| 000 | 00802nam a2200241 a 4500 | ||
|---|---|---|---|
| 999 |
_c1709 _d1709 |
||
| 001 | 1709 | ||
| 003 | BD-JhCC | ||
| 005 | 20171104175002.0 | ||
| 008 | 171023s2007 bg ||||| |||| 00| 0 ben d | ||
| 020 | _a9844105386 | ||
| 035 | _a(BD-JhCC)1709 | ||
| 040 |
_aBD-JhCC _dBD-JhCC |
||
| 041 | _aben | ||
| 082 |
_a891.4409 _bDAS 2007 |
||
| 100 | _aদাস, নিতাই | ||
| 245 |
_aবাংলা সাহিত্যে পাকিস্তান আন্দোলনের প্রভাব : _b১৯৪০-১৯৭১ / _cনিতাই দাস. |
||
| 260 |
_aঢাকা : _bমাওলা ব্রাদার্স, _c2007. |
||
| 300 |
_a412 P. : _c21 cm. |
||
| 504 | _aIncludes Bibliographical Reference. | ||
| 650 | _aBengali literature | ||
| 942 |
_2ddc _cBK |
||